|
|
|
|
| LEADER |
01804nam a22003494a 4500 |
| 001 |
EBC219016 |
| 003 |
MiAaPQ |
| 005 |
20200520144314.0 |
| 006 |
m o d | |
| 007 |
cr cn||||||||| |
| 008 |
040308s2004 njua s 000 0 eng |
| 010 |
|
|
|z 2004005515
|
| 020 |
|
|
|z 0471661031 (cloth/cd-rom)
|
| 035 |
|
|
|a (MiAaPQ)EBC219016
|
| 035 |
|
|
|a (Au-PeEL)EBL219016
|
| 035 |
|
|
|a (CaPaEBR)ebr10114078
|
| 035 |
|
|
|a (CaONFJC)MIL26532
|
| 035 |
|
|
|a (OCoLC)57351794
|
| 040 |
|
|
|a MiAaPQ
|c MiAaPQ
|d MiAaPQ
|
| 050 |
|
4 |
|a HG4012.5
|b .P76 2004
|
| 082 |
0 |
4 |
|a 658.15/0285/554
|2 22
|
| 100 |
1 |
|
|a Proctor, K. Scott.
|
| 245 |
1 |
0 |
|a Building financial models with Microsoft Excel
|h [electronic resource] :
|b a guide for business professionals /
|c K. Scott Proctor.
|
| 260 |
|
|
|a Hoboken, NJ :
|b Wiley,
|c c2004.
|
| 300 |
|
|
|a xix, 347 p. :
|b ill.
|
| 505 |
0 |
|
|a Overview of budgets and financial models -- Operating budget : assumptions, sales, and collections -- Operating budget : cost of goods sold, inventory, and purchases -- Operating budget : operating expenses -- Operating budget : income statement -- Financial budget : capital budget and cash budget -- Financial budget : balance sheet -- Consolidated financial statements -- Free cash flows and dashboard -- Sensitivity analysis -- Contribution margin analysis -- Financial ratios analysis -- Valuation -- Capitalization chart.
|
| 533 |
|
|
|a Electronic reproduction. Ann Arbor, MI : ProQuest, 2015. Available via World Wide Web. Access may be limited to ProQuest affiliated libraries.
|
| 630 |
0 |
0 |
|a Microsoft Excel (Computer file)
|
| 650 |
|
0 |
|a Corporations
|x Finance
|x Computer programs.
|
| 655 |
|
4 |
|a Electronic books.
|
| 710 |
2 |
|
|a ProQuest (Firm)
|
| 856 |
4 |
0 |
|u https://ebookcentral.proquest.com/lib/matrademy/detail.action?docID=219016
|z Click to View
|